Testovanie teleskopickej tyče Triceptu
Gespeichert in:
| 1. Verfasser: | |
|---|---|
| Weitere Verfasser: | |
| Format: | Manuskript Buch |
| Sprache: | Slowakisch |
| Veröffentlicht: |
Bratislava :
STU v Bratislave SjF,
2014
|
| Schlagworte: | |
| Online-Zugang: | VAIS |
| Tags: |
Keine Tags, Fügen Sie das erste Tag hinzu!
|
MARC
| LEADER | 00000ntm a22000003a 4500 | ||
|---|---|---|---|
| 001 | stu295751 | ||
| 005 | 20150617230317.3 | ||
| 008 | 140823s2014----xo------------------slo-d | ||
| 040 | |a STU |b slo | ||
| 041 | 0 | |a slo | |
| 044 | |a xo | ||
| 100 | 1 | |a Kováč, Jozef, |d 1970- |4 aut |u J |T SjF Strojnícka fakulta |X 59512 |U J |Y 20 |7 A000059512 | |
| 242 | 0 | 0 | |a Testing telescopic rod of Tricept robot |y eng |
| 245 | 1 | |a Testovanie teleskopickej tyče Triceptu | |
| 260 | |a Bratislava : |b STU v Bratislave SjF, |c 2014 | ||
| 650 | 7 | |a deviation |2 estusub | |
| 650 | 7 | |a neistota |2 stusub | |
| 650 | 7 | |a teleskopická tyč |2 stusub | |
| 650 | 7 | |a polohovanie |2 stusub | |
| 650 | 7 | |a odchýlka |2 stusub | |
| 650 | 7 | |a kinematické štruktúry |2 stusub | |
| 700 | 1 | |a Kureková, Eva, |d 1953- |4 ths |u J110 |U SjF Ústav automatizácie, merania a aplikovanej informatiky |T SjF Katedra automatizácie, informačnej a prístrojovej techniky |X 2392 |U J110 |Y 37 |7 A000002392 | |
| 856 | 4 | |a info a plný text |u http://is.stuba.sk/zp/portal_zp.pl?podrobnosti=103950 |3 VAIS | |
| 996 | |b 284J043635 |c J* 1925/DP |l JJSK |s A |a 24 |w stu295751_0001 | ||